Вып. 41; Двигатели внутреннего сгорания

Bibliografische gegevens
Parent link:Двигатели внутреннего сгорания: республиканский междуведомственный научно-технический сборник/ Харьковский политехнический институт (ХПИ). Вып. 41.— , 1965-1990
Andere auteurs: Шеховцов А. Ф. (редактор)
Taal:Russisch
Gepubliceerd in: 1986
Onderwerpen:
Formaat: Boek
KOHA link:https://koha.lib.tpu.ru/cgi-bin/koha/opac-detail.pl?biblionumber=280998

MARC

LEADER 00000nam2a2200000 4500
001 280998
005 20231101235348.0
035 |a (RuTPU)RU\TPU\book\304591 
035 |a RU\TPU\book\269138 
090 |a 280998 
100 |a 20150116d1985 k y0rusy50 ca 
101 1 |a rus 
102 |a UA 
105 |a a z 001zy 
200 0 |a Вып. 41  |f отв. ред. А. Ф. Шеховцов 
210 |d 1986 
215 |a 108 с.  |c ил. 
320 |a Библиография в конце статей 
461 1 |0 (RuTPU)RU\TPU\book\212151  |t Двигатели внутреннего сгорания  |o республиканский междуведомственный научно-технический сборник  |f Харьковский политехнический институт (ХПИ)  |v Вып. 41  |d 1965-1990 
606 1 |a Двигатели внутреннего сгорания  |2 stltpush  |3 (RuTPU)RU\TPU\subj\4895  |9 33080 
610 1 |a судовые двигатели 
610 1 |a тепловозы 
610 1 |a транспортные средства 
610 1 |a конструирование 
610 1 |a турбины 
610 1 |a моделирование 
610 1 |a топливоподающие системы 
610 1 |a системы автоматического регулирования 
610 1 |a цифровые приборы 
610 1 |a индицирование 
675 |a 621.43  |v 3 
702 1 |a Шеховцов  |b А. Ф.  |4 340 
801 1 |a RU  |b 63413507  |c 20140110 
801 2 |a RU  |b 63413507  |c 20170125  |g RCR 
942 |c BK